Sports Quiz

Random Sports or Golf Quiz
Score 0/26 Timer 08:00
0 Plays Today
Number of Championships Won Players Name % Correct
14Tiger Woods
99.4%
18Jack Nicklaus
95.6%
7Arnold Palmer
90%
4Phil Mickelson
89.2%
9Gary Player
83.9%
8Tom Watson
81.6%
6Nick Faldo
79.9%
9Ben Hogan
78%
7Sam Snead
71%
7Bobby Jones
64.4%
5Seve Ballesteros
62.1%
6Lee Trevino
61.4%
11Walter Hagen
57.2%
Number of Championships Won Players Name % Correct
5Byron Nelson
52.3%
7Gene Sarazen
49.8%
7Harry Vardon
35.2%
4Raymond Floyd
31.8%
5Peter Thomson
26.7%
5John Henry Taylor
18%
5James Braid
17.6%
4Bobby Locke
15%
4Willie Anderson
14.2%
4Jim Barnes
8.7%
4Tom Morris, Sr.
6.8%
4Tom Morris, Jr.
6.1%
4Willie Park, Sr.
5.3%
Remove Ads.
Support Sporcle.
Get the best of Sporcle when you Go Orange. This ad-free experience offers more features, more stats, and more fun while also helping to support Sporcle. Thank you for becoming a member.

You're not logged in!

Compare scores with friends on all Sporcle quizzes.
OR
Log In

Show Comments

Extras

Created Nov 4, 2010ReportNominate
Tags:Golf Quiz

Top Quizzes Today


Score Distribution

Your Account Isn't Verified!

In order to create a playlist on Sporcle, you need to verify the email address you used during registration. Go to your Sporcle Settings to finish the process.

Report this User

Report this user for behavior that violates our Community Guidelines.

Details: